000 01357nam a2200313 4500
001 000
003 000
005 20150520142908.0
008 810113r19811959flua b 001 0 eng
010 _a 81000359
020 _a089874332X
040 _aUOEL
_cDLC
_dDLC
041 1 _aengger
050 1 0 _aQC320
_b.E25
082 0 0 _a536/.2
_219
100 1 _aEckert, E. R. G.
_q(Ernst Rudolf Georg),
_d1904-
245 1 0 _aHeat and mass transfer /
_cby E. R. G. Eckert, with pt. A, Heat conduction, and Appendix of property values by Robert M. Drake, Jr.
260 _aMalabar, Fla. :
_bR.E. Krieger Pub. Co.,
_c1981, c1959.
300 _axiv, 530 p. :
_bill. ;
_c24 cm.
500 _aRev. translation of Einführung in den Wärme- und Stoffaustausch, with additional material.
500 _aFirst ed. published in 1950 under title: Introduction to the transfer of heat and mass; ed. for 1963 published under title: Introduction to heat and mass transfer.
500 _aReprint of the 2d ed. published in 1959 by McGraw-Hill, New York, which was issued in series: McGraw-Hill series in mechanical engineering.
504 _aIncludes bibliographical references and indexes.
650 0 _aHeat
_xTransmission.
650 0 _aMass transfer.
700 1 _aDrake, Robert M.,
_d1920-
906 _a7
_bcbc
_corignew
_d1
_eocip
_f19
_gy-gencatlg
942 _2lcc
_cLL
999 _c8142
_d8142